| 000 | 00827nam a2200229 i 4500 | ||
|---|---|---|---|
| 001 | 107963 | ||
| 003 | ES-MaACL | ||
| 005 | 20250829080505.0 | ||
| 007 | t| | ||
| 008 | 070104s1970 sp ||||1| spa d | ||
| 080 | _a820-311.2"18" | ||
| 100 | 1 |
_aWilde, Oscar, _d1854-1900 _9241147 |
|
| 245 | 1 | 3 |
_aEl retrato de Dorian Gray / _cOscar Wilde; traducción y notas de Julio Gómez de la Serna; prólogo por Carmen Martín Gaite. |
| 260 |
_aMadrid : _bSalvat, _c1970. |
||
| 300 |
_a204 p. ; _c19 cm. |
||
| 490 | 1 |
_aBiblioteca básica Salvat de Libros RTV ; _v55 |
|
| 700 | 1 |
_aMartín Gaite, Carmen, _d1925-2000 _977496 |
|
| 700 | 1 |
_aGómez de la Serna, Julio, _d1895-1983 _957899 |
|
| 830 | 0 | 0 |
_aBiblioteca básica Salvat de libros RTV _v55 _9185398 |
| 852 |
_aES-MaACL _jE-2976 _bR.69765 |
||
| 999 |
_c107963 _d107963 |
||